000 00611nam a2200193Ia 4500
005 20250508162721.0
008 008 250505s9999 xx 000 0 eng d
037 _aTextual
040 _aFEDL
_beng
_cFEDL
041 _aeng
_2eng
084 _a921, IND
_qFEDL
245 0 _aAestheticians
245 0 _cIndia. Information and broadcasting,(Ministry of ...)
260 _aNew Delhi, India
_bThe Director, Publications Division, Ministry of Information and Broadcasting
_c1983
300 _a133p
490 _aCultural leaders of India
942 _cTEXL
_h921, IND
999 _c1378271
_d1378271